Countries Where Soccer Is Not The Most Popular Sport - Statistics

General Stats
  • This quiz has been taken 82 times
  • The average score is 33 of 54
Answer Stats
Continent Answer % Correct
North America United States
92%
North America Canada
91%
Asia India
90%
Asia Japan
88%
Asia Pakistan
87%
North America Cuba
83%
Asia China
81%
Oceania Australia
78%
North America Bahamas
78%
North America Jamaica
78%
Oceania New Zealand
78%
Asia Bangladesh
76%
North America Dominican Republic
74%
Europe Finland
74%
Asia South Korea
73%
Oceania Fiji
72%
North America St. Kitts & Nevis
72%
North America St. Lucia
72%
North America Barbados
69%
North America St. Vincent & the Grenadines
69%
North America Grenada
68%
Europe Latvia
68%
Europe Estonia
67%
Europe Lithuania
67%
Asia Nepal
67%
Asia Sri Lanka
67%
Oceania Tonga
67%
Asia Afghanistan
65%
South America Guyana
65%
Oceania Samoa
65%
Oceania Nauru
64%
Europe Iceland
63%
Asia Bhutan
62%
Asia Thailand
62%
Oceania Papua New Guinea
59%
Asia Indonesia
58%
South America Venezuela
58%
Europe Belarus
55%
Oceania Marshall Islands
55%
Asia Taiwan
55%
Asia Mongolia
54%
Africa South Africa
51%
Asia Philippines
47%
North America Nicaragua
38%
Asia Armenia
37%
Asia Maldives
37%
Africa Madagascar
36%
Europe Monaco
36%
Europe Czech Republic
33%
Asia Kyrgyzstan
32%
Africa Djibouti
22%
Europe Bosnia & Herzegovina
21%
Europe Montenegro
19%
Africa Eritrea
18%
No matching quizzes found
Score Distribution
Percent of People with Each Score
Percentile by Number Answered
Your Score History
You have not taken this quiz